| 000 | 01763nam a2200349 i 4500 | ||
|---|---|---|---|
| 001 | 001470000485121 | ||
| 003 | CZ PrSKC | ||
| 005 | 20260416112957.0 | ||
| 007 | ta | ||
| 008 | 250505s2021 xr a c 6 000 1 cze d | ||
| 020 |
_a9788076791008 _cKč 249,00 |
||
| 040 |
_aABG001 _bcze _dABA001 _dBOA001 _dSUG001 _erda |
||
| 041 | 1 |
_acze _hjpn |
|
| 072 | 7 |
_a741.52 _xKomiksy. Komiksové adaptace _2Konspekt |
|
| 072 | 7 |
_a821-93 _xLiteratura pro děti a mládež (beletrie) _2Konspekt |
|
| 100 | 1 |
_aShirahama, Kamome _4aut _918078 |
|
| 240 | 1 | 0 |
_aTongari bōshi no atorie. _lČesky |
| 245 | 1 | 0 |
_aAteliér špičatých klobouků / _cKamome Širahama ; překlad: Michala Kropáčková |
| 264 | 1 |
_a[Praha] : _bCrew, _c2021 |
|
| 300 |
_a168 stran : _bilustrace |
||
| 490 | 1 | _aCrew manga | |
| 500 | _aPřeloženo z japonštiny | ||
| 500 | _aTištěno zprava doleva ve stylu manga | ||
| 520 | 2 |
_aSérie fantasy manga komiksů ze světa kouzel. _bPo utrpení během zkoušky v Hadí páteři si učednice zaslouží pořádný odpočinek. A existuje snad bezpečnější místo než Auditorium na mořském dně? K jejich překvapení jim navíc jeden ze tří Mudrců nabídne náhradní zkoušku za tu, kterou narušili Krempáci. Jenže Mudrcův test skrývá vlastní nástrahy. Zvládnou učednice prokázat sílu svých kouzel a svého odhodlání? A dokáží odkrýt záhadu minulosti? Coco totiž není jediná, kdo má své tajemství. |
|
| 653 | 0 |
_ajaponské komiksy _afantasy komiksy _akomiksy _amanga _amagie _aučedníci _akouzla _a15+ (piktogram) _aKOMIKS (piktogram) |
|
| 655 | 7 |
_amanga _914003 |
|
| 655 | 7 |
_afantasy komiksy _910419 |
|
| 655 | 7 | _apublikace pro děti | |
| 700 | 1 |
_aKropáčková, Michala _4trl _914006 |
|
| 910 | _aABG508 | ||
| 999 |
_c34180 _d34180 |
||